000 00915nam a2200301Ia 4500
003 OSt
005 20220912145208.0
006 a|||||r|||| 00| 0
007 ta
008 220909b |||||||| |||| 00| 0 eng d
020 _a9781420091823 (hbd)
024 _a83027
037 _b339, 03/02/2009, N R Book Distributors
037 _cTextual
040 _aCSL
_beng
_cCSL
041 _aeng
082 _aB2T, P9-;1
100 _aRavindran A Ravi Ed.
245 0 _aOperations research methodologies
260 _aBoca Raton
_bCRC Pres
_c2009
300 _axix, V.P.
_ccm.
490 _aOperations research series
500 _aIncludes bibliographical references.; Index I1-I20p.
650 _a Research methodologies
650 _aOperational research
942 _hB2T, P9-;1
_cTEXL
_2CC
999 _c25673
_d25673